000
00324nam a2200145Ia 4500
999
_c
23716
_d
23716
003
OSt
005
20210210101411.0
008
190216s9999||||xx |||||||||||||| ||und||
040
_c
oclc
100
_a
Sreedharan Cp
245
0
_a
Kadum Manushyanum
260
_b
Current Books
650
_a
Essay Malayalam
942
_c
BK
_2
ddc